000 01025cam a22003497a 4500
003 CHAP
005 20220817043127.0
008 971013s1987 r 00010 d
010 _a66363
011 _a67335
035 _a76805
040 _cCHAP
082 _a589.45
_bF36
110 _aFAO
245 0 _aProduction and utilization of products from commercial seaweeds
260 _aRome :
_bFAO,
_c1987
300 _a189 p.
_b: ilus.
410 _aFAO
490 0 _aDocumento técnico de pesca
_v; 288
590 _aBATCH-UPD
_b10
_c20130110
_lUCH01
_h0708
590 _aBATCH-UPD
_b10
_c20130410
_lUCH01
_h0354
590 _aBATCH-UPD
_b10
_c20130914
_lUCH01
_h0047
590 _aCONVERSION
_b10
_c20130109
_lUCH01
_h1337
650 1 4 _aAlgas.
_93947
650 1 4 _aMalas hierbas acuáticas.
_970050
700 0 _aMcHugh, Dennis J.
_973593
810 0 _aFAO
830 0 0 _aDocumento técnico de pesca
_v; 288
_933242
901 _aBK
942 _cLIBRO
949 _a589.45 F36
_bBC
_cFAO
_d-29662
_eFAO1
_h73119
_i76805
_si
999 _c66363
_d66363